[Event "N1 Reykjavik Open 2014"]
[Site "Reykjavik, Iceland"]
[Date "2014.03.04"]
[Round "1.72"]
[White "Tijssens, Rob"]
[Black "Kvisvik, Brede"]
[Result "0-1"]
[WhiteElo "1782"]
[BlackElo "2257"]
[EventDate "2014.03.04"]
[PlyCount "148"]

1.d4 d5 2.c4 dxc4 3.e3 Nf6 4.Bxc4 e6 5.Nf3 a6 6.a3 b5 7.Ba2 Bb7 8.O-O Nbd7
9.b4 Be7 10.Bb2 O-O 11.Nbd2 a5 12.bxa5 Rxa5 13.Bb3 Nb6 14.Qc2 Qa8 15.Qxc7 
Nbd5 16.Qc2 Bxa3 17.Bxa3 Rxa3 18.Qb2 Ra5 19.Rxa5 Qxa5 20.Bxd5 Nxd5 21.Rb1 
Nc3 22.Ra1 Na4 23.Qa3 Rc8 24.h3 h6 25.Qe7 Qc7 26.Qb4 Nc3 27.Ne5 Bd5 28.Nd3
Na2 29.Qxb5 Qc3 30.Rd1 Qc7 31.Nc5 Nc3 32.Qf1 Nxd1 33.Qxd1 Qa5 34.Nf3 Ra8 
35.Ne5 Qa1 36.Qxa1 Rxa1+ 37.Kh2 Rf1 38.Kg3 Rg1 39.Nf3 Rh1 40.Ne5 f6 41.
Ned3 Kf7 42.Nf4 Bc4 43.f3 Rd1 44.h4 g5 45.hxg5 hxg5 46.Nh3 Re1 47.e4 Kg6 
48.Nd7 Rd1 49.d5 exd5 50.exd5 Bxd5 51.Nc5 f5 52.Nf2 Rd2 53.Nfd3 f4+ 54.Kh2
Kf5 55.Kg1 Bc4 56.Nf2 Rc2 57.Nce4 Rc1+ 58.Kh2 Bd5 59.Nd6+ Ke6 60.Nde4 Bxe4
61.Nxe4 Kf5 62.Nf2 Re1 63.Kh3 Rf1 64.Ng4 Rh1+ 65.Nh2 Ke5 66.g3 Kd4 67.Kg2 
Rxh2+ 68.Kxh2 Ke3 69.Kg2 Ke2 70.gxf4 gxf4 71.Kg1 Kxf3 72.Kf1 Ke3 73.Ke1 f3
74.Kf1 f2 0-1

[Event "N1 Reykjavik Open 2014"]
[Site "Reykjavik, Iceland"]
[Date "2014.03.04"]
[Round "1.73"]
[White "Grant, Jonathan I M"]
[Black "Heimisson, Hilmir Freyr"]
[Result "1-0"]
[WhiteElo "2255"]
[BlackElo "1761"]
[EventDate "2014.03.04"]
[PlyCount "41"]

1.c4 e5 2.g3 d6 3.Nc3 f5 4.Nf3 Nf6 5.d4 e4 6.Nh4 g6 7.Bg5 Bg7 8.Bh3 O-O 9.
Qd2 b6 10.O-O a5 11.f3 exf3 12.Nxf3 Ba6 13.b3 Qe8 14.Bh6 Bxh6 15.Qxh6 Ng4 
16.Bxg4 fxg4 17.Ng5 Rf5 18.Qxh7+ Kf8 19.Rxf5+ gxf5 20.Nd5 Bc8 21.Qh8# 1-0

[Event "N1 Reykjavik Open 2014"]
[Site "Reykjavik, Iceland"]
[Date "2014.03.04"]
[Round "1.74"]
[White "Leosson, Atli Johann"]
[Black "Olafsson, Thorvardur"]
[Result "0-1"]
[WhiteElo "1759"]
[BlackElo "2254"]
[EventDate "2014.03.04"]
[PlyCount "88"]

1.e4 e5 2.Nf3 Nc6 3.Bc4 Bc5 4.Nc3 Nf6 5.d3 a6 6.Bg5 h6 7.Bh4 d6 8.h3 Na5 
9.Bb3 Nxb3 10.axb3 g5 11.Bg3 Qe7 12.Nh2 Be6 13.Qe2 O-O-O 14.Na4 Ba7 15.c4 
Nd7 16.f3 f5 17.Bf2 Bxf2+ 18.Kxf2 f4 19.Ke1 h5 20.Kd2 Nc5 21.Kc2 Bd7 22.
Nc3 Ne6 23.Nd5 Nd4+ 24.Kd2 Qg7 25.Qd1 g4 26.hxg4 hxg4 27.Kc3 g3 28.Ng4 
Rxh1 29.Qxh1 Bxg4 30.fxg4 Rh8 31.Qf1 Qxg4 32.Re1 c5 33.b4 Rh2 34.bxc5 dxc5
35.b4 f3 36.bxc5 f2 37.Rb1 Qe2 38.Ne7+ Kd8 39.Qc1 Qe1+ 40.Qxe1 fxe1=Q+ 41.
Rxe1 Kxe7 42.Rb1 Rxg2 43.Rxb7+ Kd8 44.Rg7 a5 0-1

[Event "N1 Reykjavik Open 2014"]
[Site "Reykjavik, Iceland"]
[Date "2014.03.04"]
[Round "1.75"]
[White "Zeier, Klaus"]
[Black "Hauksson, Hordur Aron"]
[Result "1-0"]
[WhiteElo "2253"]
[BlackElo "1756"]
[EventDate "2014.03.04"]
[PlyCount "57"]

1.e4 c5 2.Nf3 Nc6 3.Bb5 d6 4.Bxc6+ bxc6 5.O-O Nf6 6.Re1 e5 7.h3 Be7 8.c3 
O-O 9.d4 cxd4 10.cxd4 Qc7 11.Nc3 h6 12.b3 Re8 13.Bb2 Ba6 14.Rc1 Bf8 15.
dxe5 dxe5 16.Nd5 Nxd5 17.exd5 e4 18.Nd4 c5 19.Nf5 Qf4 20.Qg4 Qxg4 21.hxg4 
Rad8 22.d6 g6 23.Ne7+ Kh7 24.Nd5 Bg7 25.Bxg7 Kxg7 26.Nc7 Bc8 27.Nxe8+ Rxe8
28.Rxc5 Bxg4 29.Rc7 1-0

[Event "N1 Reykjavik Open 2014"]
[Site "Reykjavik, Iceland"]
[Date "2014.03.04"]
[Round "1.76"]
[White "Norlander, Svante"]
[Black "Wunnink, Michael"]
[Result "0-1"]
[WhiteElo "1754"]
[BlackElo "2251"]
[EventDate "2014.03.04"]
[PlyCount "40"]

1.e4 e5 2.Nc3 Nf6 3.f4 d5 4.d3 Nc6 5.Nf3 dxe4 6.Nxe5 Bf5 7.Nxc6 bxc6 8.d4 
Bb4 9.a3 Ba5 10.Ba6 Nd5 11.Bb7 Nxc3 12.Qd2 O-O 13.Bxc6 e3 14.Qxe3 Nd5+ 15.
c3 Nxe3 16.Bxe3 Rb8 17.b4 Bb6 18.O-O Qf6 19.Bf3 Rfe8 20.Bd2 Bxd4+ 0-1

[Event "N1 Reykjavik Open 2014"]
[Site "Reykjavik, Iceland"]
[Date "2014.03.04"]
[Round "1.80"]
[White "Holm, Fridgeir K"]
[Black "Ptacnikova, Lenka"]
[Result "0-1"]
[WhiteElo "1729"]
[BlackElo "2239"]
[EventDate "2014.03.04"]
[PlyCount "136"]

1.e4 g6 2.f4 Bg7 3.Nf3 d5 4.e5 Bg4 5.d4 e6 6.Bd3 Ne7 7.O-O Nd7 8.b3 Nf5 9.
Be2 h5 10.c3 h4 11.Na3 c6 12.Nc2 Qa5 13.b4 Qb6 14.Ng5 Bxe2 15.Qxe2 a5 16.
a3 axb4 17.axb4 Rxa1 18.Nxa1 O-O 19.Nc2 Ra8 20.Ne3 Nxe3 21.Qxe3 Ra2 22.Qh3
Nf8 23.Qxh4 Qa6 24.g4 Qd3 25.f5 Qc2 26.Qf2 Qxf2+ 27.Rxf2 Ra1 28.Rf1 exf5 
29.gxf5 gxf5 30.Bd2 Rxf1+ 31.Kxf1 Ne6 32.Nf3 f6 33.exf6 Bxf6 34.h4 Kh7 35.
Kg2 Kg6 36.Kg3 Kh5 37.Bf4 Be7 38.Be5 Bf8 39.Bb8 Bh6 40.Kh3 Nf4+ 41.Bxf4 
Bxf4 42.Kg2 Kg4 43.b5 cxb5 44.Ne5+ Kh5 45.Nd7 Kxh4 46.Nf6 Bd2 47.Nxd5 Kg4 
48.Kf2 b4 49.cxb4 f4 50.b5 Bc1 51.Kf1 Bb2 52.Nf6+ Kf5 53.Ne8 Ke6 54.Ng7+ 
Kd5 55.Nh5 Bc1 56.Ng7 Be3 57.Ne8 Bxd4 58.Nc7+ Kd6 59.b6 f3 60.Na8 Kc6 61.
Nc7 Bxb6 62.Ne6 Be3 63.Nd8+ Kc7 64.Nf7 b5 65.Ne5 f2 66.Nd3 Kd6 67.Nxf2 
Bxf2 68.Kxf2 Kc5 0-1

[Event "N1 Reykjavik Open 2014"]
[Site "Reykjavik, Iceland"]
[Date "2014.03.04"]
[Round "1.83"]
[White "Teh, Eu Wen Aron"]
[Black "Hisnay, Gregory"]
[Result "1-0"]
[WhiteElo "2237"]
[BlackElo "1705"]
[EventDate "2014.03.04"]
[PlyCount "49"]

1.d4 d5 2.c4 c6 3.Nf3 Nf6 4.e3 Bf5 5.Nc3 e6 6.Nh4 Ne4 7.Nxf5 exf5 8.Qb3 
Qb6 9.cxd5 Qxb3 10.axb3 Bb4 11.dxc6 bxc6 12.Bd2 Nxd2 13.Kxd2 a5 14.Bd3 g6 
15.Ke2 O-O 16.Rhc1 Ra7 17.Rc2 Rd8 18.Ra4 Rad7 19.Na2 c5 20.Nxb4 cxd4 21.
Rxa5 dxe3 22.fxe3 Re7 23.Nd5 Rb7 24.Bc4 Kg7 25.Rc5 1-0

[Event "N1 Reykjavik Open 2014"]
[Site "Reykjavik, Iceland"]
[Date "2014.03.04"]
[Round "1.87"]
[White "Dolzhikova, Olga"]
[Black "Gautason, Kristofer"]
[Result "1-0"]
[WhiteElo "2212"]
[BlackElo "1677"]
[EventDate "2014.03.04"]
[PlyCount "163"]

1.e4 e5 2.Nf3 Nf6 3.d4 Nxe4 4.Bd3 d5 5.dxe5 Be7 6.O-O O-O 7.Be3 Bg4 8.c4 
c6 9.h3 Bh5 10.Re1 Bb4 11.Rf1 Ba5 12.Qc2 Bxf3 13.gxf3 Ng5 14.Kg2 dxc4 15.
Bxc4 Nd7 16.Qf5 Ne6 17.Bxe6 fxe6 18.Qxe6+ Rf7 19.f4 Nf8 20.Qb3 Qd5+ 21.
Qxd5 cxd5 22.Rd1 Rd8 23.Na3 Ne6 24.Kg3 d4 25.Bc1 Rdf8 26.Nb5 Nxf4 27.Bxf4 
Rxf4 28.Nxd4 Rxf2 29.Rac1 Rxb2 30.e6 Re8 31.Nb3 Bb6 32.Rd7 Re2 33.Nc5 Bxc5
34.Rxc5 R2xe6 35.Rcc7 Kf8 36.Rf7+ Kg8 37.Rxg7+ Kh8 38.Rxh7+ Kg8 39.Rhg7+ 
Kh8 40.Rxb7 Re3+ 41.Kh4 R8e4+ 42.Rg4 Rxg4+ 43.hxg4 Ra3 44.Rb2 Kg7 45.Kh5 
Rh3+ 46.Kg5 Ra3 47.Kf5 Ra5+ 48.Ke6 Ra4 49.Rg2 Rd4 50.Ke5 Ra4 51.Kd5 Kg6 
52.Kc5 Kg5 53.Kb5 Ra3 54.Kb4 Re3 55.a4 Re4+ 56.Ka5 Re6 57.Rf2 Re5+ 58.Ka6 
Kxg4 59.Rf7 Re6+ 60.Kxa7 Re5 61.Kb6 Re6+ 62.Kb5 Re5+ 63.Kb4 Re4+ 64.Kb3 
Re3+ 65.Kb2 Re2+ 66.Kc3 Re5 67.Rb7 Kf5 68.Rb6 Re6 69.a5 Re1 70.Kd4 Re4+ 
71.Kc5 Re5+ 72.Kb4 Re8 73.a6 Re4+ 74.Kb5 Re5+ 75.Kb4 Re4+ 76.Ka5 Re1 77.
Rh6 Ra1+ 78.Kb6 Rb1+ 79.Kc7 Ra1 80.Kb7 Rb1+ 81.Rb6 Rh1 82.a7 1-0

[Event "N1 Reykjavik Open 2014"]
[Site "Reykjavik, Iceland"]
[Date "2014.03.04"]
[Round "1.88"]
[White "Halldorsson, Haukur"]
[Black "Zoldan, Matteo"]
[Result "0-1"]
[WhiteElo "1669"]
[BlackElo "2209"]
[EventDate "2014.03.04"]
[PlyCount "86"]

1.e4 c5 2.Nf3 d6 3.Be2 Nf6 4.Nc3 e6 5.d4 cxd4 6.Nxd4 a6 7.a4 Nc6 8.Be3 Be7
9.O-O O-O 10.Kh1 Qc7 11.Nxc6 bxc6 12.Bd4 c5 13.Bxf6 Bxf6 14.Qd3 Rb8 15.Ra2
Rb4 16.Bf3 Bb7 17.Re1 Rb8 18.Nd1 Bc8 19.c3 Rb3 20.Re2 a5 21.Rd2 R3b6 22.
Qc2 Bg5 23.Re2 Ba6 24.Re1 Bc4 25.Ra3 Qd7 26.e5 d5 27.Be2 Bb3 28.Rxb3 Rxb3 
29.Bb5 R8xb5 30.axb5 Qxb5 31.g3 g6 32.f4 Be7 33.Qf2 a4 34.g4 Qb7 35.f5 d4+
36.Kg1 dxc3 37.fxg6 hxg6 38.bxc3 c4 39.Qd2 Qf3 40.Qd4 Qd5 41.Qf4 Bc5+ 42.
Kf1 Qh1+ 43.Ke2 Qg2+ 0-1

[Event "N1 Reykjavik Open 2014"]
[Site "Reykjavik, Iceland"]
[Date "2014.03.04"]
[Round "1.89"]
[White "Christiansen, Johan-Sebastian"]
[Black "Hauksdottir, Hrund"]
[Result "1-0"]
[WhiteElo "2209"]
[BlackElo "1668"]
[EventDate "2014.03.04"]
[PlyCount "61"]

1.c4 e5 2.g3 Nf6 3.Bg2 Nc6 4.Nc3 Bc5 5.Nf3 d6 6.O-O O-O 7.e3 Bg4 8.Qc2 Qd7
9.a3 a6 10.Nd5 Nxd5 11.cxd5 Ne7 12.Nxe5 Qf5 13.Nd3 Bf3 14.Bxf3 Qxf3 15.
Nxc5 dxc5 16.Qxc5 Nxd5 17.b4 Rad8 18.Qc2 Rd6 19.Bb2 Rh6 20.Qd1 Qf5 21.Qe2 
Re8 22.Rac1 Ree6 23.f3 Qg5 24.Qg2 Qg6 25.e4 Nb6 26.Rxc7 Rc6 27.Rxb7 Qd6 
28.Qf2 Nc4 29.d4 Rc8 30.d5 Ne5 31.Qd4 1-0

[Event "N1 Reykjavik Open 2014"]
[Site "Reykjavik, Iceland"]
[Date "2014.03.04"]
[Round "1.91"]
[White "Teitsson, Magnus"]
[Black "Kjartansson, Dagur"]
[Result "1-0"]
[WhiteElo "2207"]
[BlackElo "1662"]
[EventDate "2014.03.04"]
[PlyCount "57"]

1.e4 c5 2.Nf3 Nc6 3.d4 cxd4 4.Nxd4 e6 5.Nc3 a6 6.Be3 g6 7.Nxc6 bxc6 8.Qd4 
f6 9.Bc4 Qc7 10.O-O-O d5 11.exd5 cxd5 12.Nxd5 exd5 13.Bxd5 Bd6 14.Bxa8 Be5
15.Qa4+ Kf8 16.f4 Bd6 17.Qd4 Be7 18.Qb6 Qxb6 19.Bxb6 Nh6 20.Bd8 Nf5 21.
Rhe1 Kf7 22.Bd5+ Ke8 23.Bxe7 Nxe7 24.Be6 Bxe6 25.Rxe6 Kf7 26.Rxa6 Nf5 27.
Rd7+ Ne7 28.Raa7 Re8 29.a4 1-0

[Event "N1 Reykjavik Open 2014"]
[Site "Reykjavik, Iceland"]
[Date "2014.03.04"]
[Round "1.93"]
[White "Rydstrom, Tom"]
[Black "Altman, Joshua"]
[Result "1-0"]
[WhiteElo "2198"]
[BlackElo "1650"]
[EventDate "2014.03.04"]
[PlyCount "75"]

1.d4 Nf6 2.Nc3 d5 3.Bg5 g6 4.Qd2 Bg7 5.O-O-O O-O 6.h4 h5 7.f3 c6 8.Bh6 b5 
9.g4 Nbd7 10.gxh5 Nxh5 11.Nh3 Ndf6 12.Rg1 e6 13.Nf2 Kh7 14.Bg5 Qd6 15.Ng4 
Ng8 16.e4 dxe4 17.fxe4 e5 18.Nxe5 Bxe5 19.dxe5 Qxe5 20.Qd6 Qxd6 21.Rxd6 
Bb7 22.Be2 Ng7 23.Rd7 Bc8 24.Rc7 b4 25.h5 gxh5 26.Rxc6 bxc3 27.Rxc3 f5 28.
Rc7 Be6 29.Bxh5 Rfc8 30.Rb7 Rcb8 31.Rxb8 Rxb8 32.Bf4 Nxh5 33.Bxb8 fxe4 34.
Bxa7 Nf4 35.Kd2 Nd5 36.Bd4 Nge7 37.c4 e3+ 38.Ke1 1-0

[Event "N1 Reykjavik Open 2014"]
[Site "Reykjavik, Iceland"]
[Date "2014.03.04"]
[Round "1.94"]
[White "Lee, Gudmundur Kristinn"]
[Black "Sahl, Sheila Barth"]
[Result "0-1"]
[WhiteElo "1649"]
[BlackElo "2196"]
[EventDate "2014.03.04"]
[PlyCount "66"]

1.e4 c5 2.Nf3 d6 3.d4 cxd4 4.Nxd4 Nf6 5.Nc3 a6 6.Be3 e5 7.Nb3 Be6 8.f3 Be7
9.Qd2 O-O 10.O-O-O Nbd7 11.g4 b5 12.h4 b4 13.Nd5 Bxd5 14.exd5 a5 15.Kb1 
Nb6 16.Bxb6 Qxb6 17.h5 a4 18.Nc1 h6 19.g5 hxg5 20.Qxg5 Nxd5 21.Qg1 Qxg1 
22.Rxg1 Ne3 23.Re1 Nxf1 24.Rexf1 f5 25.f4 e4 26.Ne2 Bf6 27.Rd1 Rfd8 28.Rd5
Kf7 29.Ng3 b3 30.cxb3 axb3 31.a3 Rac8 32.Nxf5 Rc2 33.Nd4 Rd2 0-1

[Event "N1 Reykjavik Open 2014"]
[Site "Reykjavik, Iceland"]
[Date "2014.03.04"]
[Round "1.95"]
[White "Schou-Moldt, Thomas"]
[Black "Jonsson, Gauti Pall"]
[Result "1-0"]
[WhiteElo "2191"]
[BlackElo "1618"]
[EventDate "2014.03.04"]
[PlyCount "59"]

1.Nf3 Nf6 2.g3 g6 3.Bg2 Bg7 4.O-O O-O 5.d4 d6 6.c4 Nbd7 7.Nc3 c6 8.Qc2 Qc7
9.h3 e5 10.e4 Ne8 11.Be3 f5 12.Ng5 Rf6 13.c5 h6 14.Qb3+ Kh8 15.Ne6 Qb8 16.
Nxg7 Kxg7 17.dxe5 dxe5 18.f4 fxe4 19.Nxe4 Rf8 20.Rad1 Kh7 21.Nd6 Nxd6 22.
Rxd6 Qc7 23.Qd3 Rg8 24.f5 Nf8 25.fxg6+ Nxg6 26.Be4 Bxh3 27.Bxg6+ Kh8 28.
Rf7 Qxf7 29.Bxf7 Rxg3+ 30.Kh2 1-0

[Event "N1 Reykjavik Open 2014"]
[Site "Reykjavik, Iceland"]
[Date "2014.03.04"]
[Round "1.96"]
[White "Szumniak, Jedrzej"]
[Black "Kazmaier, Daniel"]
[Result "0-1"]
[WhiteElo "1618"]
[BlackElo "2187"]
[EventDate "2014.03.04"]
[PlyCount "62"]

1.d4 f5 2.c4 Nf6 3.Nf3 g6 4.Nc3 Bg7 5.g3 O-O 6.Bg2 d6 7.b3 Nc6 8.Bb2 e5 9.
dxe5 dxe5 10.Nb5 e4 11.Nfd4 Ne7 12.Nc2 Bd7 13.Nc3 Qe8 14.O-O Rd8 15.e3 Ng4
16.Qe2 Ne5 17.Rad1 c5 18.Na3 g5 19.Nab5 g4 20.h4 Nf3+ 21.Bxf3 gxf3 22.Qc2 
Qh5 23.Kh2 Be5 24.Rh1 Bxb5 25.cxb5 Qxh4+ 26.Kg1 Qg4 27.Na4 Rxd1+ 28.Qxd1 
Bxg3 29.Qd7 Bxf2+ 30.Kxf2 Qg2+ 31.Ke1 Qe2# 0-1

[Event "N1 Reykjavik Open 2014"]
[Site "Reykjavik, Iceland"]
[Date "2014.03.04"]
[Round "1.97"]
[White "Hellwig, Tobias"]
[Black "Einarsson, Oskar Long"]
[Result "1-0"]
[WhiteElo "2180"]
[BlackElo "1599"]
[EventDate "2014.03.04"]
[PlyCount "73"]

1.d4 Nf6 2.c4 g6 3.Nc3 d5 4.cxd5 Nxd5 5.e4 Nxc3 6.bxc3 Bg7 7.Be3 O-O 8.Bc4
c5 9.Ne2 cxd4 10.cxd4 Nc6 11.O-O b6 12.Rc1 Bb7 13.f4 Na5 14.Bd3 e6 15.Qd2 
Qd7 16.f5 exf5 17.exf5 Rac8 18.f6 Rxc1 19.Nxc1 Bh8 20.Qf2 Re8 21.h4 Bxf6 
22.Qxf6 Rxe3 23.Qf2 Qd5 24.h5 Re8 25.Ne2 Qxa2 26.Bb5 Re7 27.h6 Qd2 28.Qf6 
Qe3+ 29.Rf2 Qxh6 30.Qxe7 Qf8 31.Qd7 a6 32.Bd3 b5 33.Qc7 Qb4 34.Qxf7+ Kh8 
35.Qe8+ Kg7 36.Rf7+ Kh6 37.Qe3+ 1-0

[Event "N1 Reykjavik Open 2014"]
[Site "Reykjavik, Iceland"]
[Date "2014.03.04"]
[Round "1.98"]
[White "Birkisson, Bjorn Holm"]
[Black "Van Weersel, Arlette"]
[Result "0-1"]
[WhiteElo "1598"]
[BlackElo "2176"]
[EventDate "2014.03.04"]
[PlyCount "24"]

1.e4 e5 2.Nf3 Nc6 3.Bc4 Nf6 4.Nc3 Nxe4 5.Bxf7+ Kxf7 6.Nxe4 d5 7.Ng3 e4 8.
Ng1 Bc5 9.N1e2 Rf8 10.Nc3 Kg8 11.O-O Ne5 12.h3 Qh4 0-1

[Event "N1 Reykjavik Open 2014"]
[Site "Reykjavik, Iceland"]
[Date "2014.03.04"]
[Round "1.100"]
[White "Plantada Siurans, Estanislau"]
[Black "Bjerke, Richard"]
[Result "0-1"]
[WhiteElo "1557"]
[BlackElo "2162"]
[EventDate "2014.03.04"]
[PlyCount "78"]

1.d4 d5 2.Nf3 Nf6 3.Bf4 e6 4.e3 c5 5.c3 Nc6 6.Nbd2 Be7 7.Bd3 O-O 8.h3 a5 
9.Ne5 Nd7 10.Qh5 f5 11.Ndf3 Nf6 12.Qh4 Qe8 13.g4 Nxg4 14.Qg3 Ngxe5 15.Nxe5
Kh8 16.Rg1 Rg8 17.Rg2 c4 18.Be2 Bf6 19.Nxc6 bxc6 20.Be5 Qe7 21.Bd6 Qb7 22.
Rb1 a4 23.Bb4 Be7 24.a3 c5 25.dxc5 Qc6 26.Bh5 Bf6 27.Ke2 e5 28.f4 e4 29.
Kf1 Be6 30.Rd1 g5 31.fxg5 Rxg5 32.Qd6 Qxd6 33.cxd6 Rxh5 34.Rg3 Be5 35.Rg2 
f4 36.Kf2 f3 37.Rg3 Bxg3+ 38.Kxg3 Rg8+ 39.Kf4 Rf5# 0-1

[Event "N1 Reykjavik Open 2014"]
[Site "Reykjavik, Iceland"]
[Date "2014.03.04"]
[Round "1.102"]
[White "Jonasson, Hordur"]
[Black "Beltz, Franziska"]
[Result "0-1"]
[WhiteElo "1526"]
[BlackElo "2155"]
[EventDate "2014.03.04"]
[PlyCount "74"]

1.e4 c5 2.Nf3 d6 3.d4 cxd4 4.Nxd4 Nf6 5.Nc3 a6 6.Bg5 e6 7.f4 Nbd7 8.Qf3 
Be7 9.O-O-O Qc7 10.Bxf6 Bxf6 11.g4 Qb6 12.Nb3 Be7 13.Qd3 Nc5 14.Nxc5 Qxc5 
15.Qd4 Qxd4 16.Rxd4 O-O 17.e5 d5 18.g5 b5 19.h4 b4 20.Na4 Bb7 21.b3 Bc6 
22.h5 Bb5 23.Rd2 Rac8 24.Bd3 Rc6 25.Rhh2 Rfc8 26.Rhg2 Bxa4 27.bxa4 Rb6 28.
Kd1 Rc3 29.f5 Ra3 30.f6 Bf8 31.g6 fxg6 32.f7+ Kxf7 33.Rdf2+ Kg8 34.hxg6 h6
35.Rf7 Rxa4 36.Rgf2 Rb8 37.Ra7 Bc5 0-1

[Event "N1 Reykjavik Open 2014"]
[Site "Reykjavik, Iceland"]
[Date "2014.03.04"]
[Round "1.103"]
[White "Marentini, Marcel"]
[Black "Sigurvaldason, Hjalmar"]
[Result "1-0"]
[WhiteElo "2155"]
[BlackElo "1512"]
[EventDate "2014.03.04"]
[PlyCount "167"]

1.c4 e5 2.g3 Nf6 3.Bg2 c6 4.d4 exd4 5.Qxd4 d5 6.Nc3 Bb4 7.cxd5 Bxc3+ 8.
bxc3 cxd5 9.Ba3 Nc6 10.Qe3+ Be6 11.Nh3 Qd7 12.Nf4 Ne7 13.O-O O-O 14.Bxe7 
Qxe7 15.Nxd5 Nxd5 16.Bxd5 Rfe8 17.Bf3 a6 18.a4 Rad8 19.Rfb1 Bd5 20.Qb6 
Bxf3 21.exf3 Rd7 22.Rb4 h6 23.Rab1 Qe2 24.Kg2 Rd3 25.Qxb7 Rxc3 26.Rf4 Rf8 
27.Qd5 Rc2 28.Qd4 Rd2 29.Qa7 Qd3 30.Re1 Re2 31.Rxe2 Qxe2 32.Re4 Qd3 33.Rd4
Qg6 34.Rb4 Qc6 35.Rb6 Qxa4 36.Rxa6 Qc4 37.Ra4 Qe6 38.Re4 Qd5 39.Rd4 Qb3 
40.Rd7 Re8 41.h4 h5 42.Qd4 g6 43.g4 hxg4 44.fxg4 Qe6 45.Kg3 Qe1 46.Kg2 Qe6
47.Rd5 Qc6 48.Kg3 Qc7+ 49.Qf4 Qc3+ 50.Qf3 Qc7+ 51.Kg2 Rd8 52.Rg5 Qe7 53.
Qf4 Rd7 54.h5 Kh7 55.hxg6+ fxg6 56.Re5 Qf7 57.Qe3 Ra7 58.g5 Qb7+ 59.Kh2 
Qc7 60.Qg3 Ra5 61.Qh3+ Kg7 62.Qh6+ Kg8 63.Qxg6+ Kf8 64.Qf6+ Kg8 65.Qe6+ 
Kf8 66.Qe8+ Kg7 67.Qe7+ Qxe7 68.Rxe7+ Kg6 69.f4 Ra3 70.Re6+ Kg7 71.Kg2 Rc3
72.Kf2 Kf7 73.Re3 Rc6 74.Kf3 Kg6 75.Kg4 Rc4 76.Re6+ Kf7 77.Ra6 Rb4 78.g6+ 
Kg7 79.Kg5 Rb5+ 80.f5 Rb8 81.Ra7+ Kg8 82.Kh6 Rf8 83.f6 Rb8 84.f7+ 1-0

[Event "N1 Reykjavik Open 2014"]
[Site "Reykjavik, Iceland"]
[Date "2014.03.04"]
[Round "1.104"]
[White "Davidsdottir, Nansy"]
[Black "Bongartz, Philipp"]
[Result "0-1"]
[WhiteElo "1510"]
[BlackElo "2143"]
[EventDate "2014.03.04"]
[PlyCount "48"]

1.e4 c5 2.Nf3 Nf6 3.Nc3 e6 4.d3 d5 5.Bg5 d4 6.Ne2 Be7 7.Qd2 Nc6 8.O-O-O a5
9.c4 a4 10.a3 Bd7 11.Kb1 Qc7 12.Rc1 Rb8 13.Qc2 b5 14.cxb5 Rxb5 15.Bxf6 
Bxf6 16.Nd2 O-O 17.f4 Rfb8 18.Nc4 Na5 19.Ka1 Nxc4 20.Qxc4 Rxb2 21.e5 Qb6 
22.Rc2 Rb1+ 23.Ka2 Qb2+ 24.Rxb2 R8xb2# 0-1

[Event "N1 Reykjavik Open 2014"]
[Site "Reykjavik, Iceland"]
[Date "2014.03.04"]
[Round "1.106"]
[White "Finnsson, Johann Arnar"]
[Black "Thorhallsson, Gylfi"]
[Result "0-1"]
[WhiteElo "1471"]
[BlackElo "2130"]
[EventDate "2014.03.04"]
[PlyCount "68"]

1.e4 e5 2.Nf3 Nc6 3.Bb5 Bc5 4.c3 Nf6 5.O-O O-O 6.Re1 d6 7.h3 a6 8.Ba4 b5 
9.Bc2 Bb6 10.d4 exd4 11.cxd4 Nb4 12.Nc3 Nxc2 13.Qxc2 h6 14.Be3 Re8 15.e5 
Nh7 16.Rac1 Bb7 17.exd6 Qxd6 18.Ne5 Bxd4 19.Bxd4 Qxd4 20.Nxf7 Qf6 21.Nxh6+
Qxh6 22.Ne2 c5 23.b3 Re5 24.Ng3 Rae8 25.Qc3 Qc6 26.f3 Rxe1+ 27.Rxe1 Rxe1+ 
28.Qxe1 c4 29.Kh1 Ng5 30.Nf5 Qe6 31.Qb1 Nxf3 32.gxf3 Bxf3+ 33.Kg1 Be4 34.
Qd1 Qg6+ 0-1

[Event "N1 Reykjavik Open 2014"]
[Site "Reykjavik, Iceland"]
[Date "2014.03.04"]
[Round "1.110"]
[White "Roets, Marius H"]
[Black "Berg, Runar"]
[Result "1-0"]
[WhiteElo "1437"]
[BlackElo "2117"]
[EventDate "2014.03.04"]
[PlyCount "65"]

1.d4 Nf6 2.c4 e6 3.Nf3 d5 4.Nc3 Be7 5.Bf4 a6 6.e3 O-O 7.h3 c5 8.cxd5 exd5 
9.Bd3 Nc6 10.Rc1 cxd4 11.exd4 Bd6 12.Bxd6 Qxd6 13.O-O Qf4 14.Ne2 Qh6 15.
Ne5 Nxe5 16.dxe5 Nd7 17.Bf5 Nb6 18.Bxc8 Raxc8 19.b3 Rxc1 20.Qxc1 Qc6 21.
Nd4 Qd7 22.Qc5 Nc8 23.Rc1 Ne7 24.Qc7 Qc8 25.Qxc8 Rxc8 26.Rxc8+ Nxc8 27.f4 
Kf8 28.Kf2 Ne7 29.Ke3 g6 30.b4 Ke8 31.a3 Kd7 32.Kd3 h5 33.g3 1-0

[Event "N1 Reykjavik Open 2014"]
[Site "Reykjavik, Iceland"]
[Date "2014.03.04"]
[Round "1.111"]
[White "Vanheirzeele, Daniel"]
[Black "Petersen, Jakob Alexander"]
[Result "1-0"]
[WhiteElo "2116"]
[BlackElo "1425"]
[EventDate "2014.03.04"]
[PlyCount "57"]

1.d4 d5 2.c4 c6 3.Nf3 Nf6 4.Nc3 e6 5.g3 Be7 6.Bg2 O-O 7.O-O Nbd7 8.Qd3 b6 
9.cxd5 exd5 10.Bf4 Re8 11.Rad1 a5 12.Rfe1 Ne4 13.Nxe4 dxe4 14.Qxe4 Bb4 15.
Qxc6 Ba6 16.Ne5 Bxe1 17.Qxa8 Qxa8 18.Bxa8 Nxe5 19.Bxe5 Bxf2+ 20.Kxf2 Rxa8 
21.Bc7 Re8 22.Rd2 Re6 23.d5 Re7 24.d6 Rd7 25.a4 b5 26.axb5 Bxb5 27.Rd5 Bc6
28.Rc5 Bb7 29.Rb5 1-0

[Event "N1 Reykjavik Open 2014"]
[Site "Reykjavik, Iceland"]
[Date "2014.03.04"]
[Round "1.112"]
[White "Ragnarsson, Heimir Pall"]
[Black "Johannesson, Oliver"]
[Result "0-1"]
[WhiteElo "1424"]
[BlackElo "2115"]
[EventDate "2014.03.04"]
[PlyCount "52"]

1.c4 c6 2.Nf3 Nf6 3.g3 d5 4.b3 Bf5 5.Bb2 e6 6.d3 Bb4+ 7.Nbd2 O-O 8.Bg2 
Nbd7 9.O-O Qe7 10.Re1 e5 11.e4 dxe4 12.dxe4 Bg4 13.Re3 a5 14.h3 Bxf3 15.
Nxf3 Rfd8 16.Rd3 Nc5 17.Rxd8+ Rxd8 18.Qc2 Ncxe4 19.Bxe5 Bc5 20.Rf1 Nd2 21.
Nxd2 Qxe5 22.Nf3 Qxg3 23.Qc3 Bxf2+ 24.Rxf2 Ne4 25.Qe3 Nxf2 26.Qxf2 Rd1+ 
0-1

[Event "N1 Reykjavik Open 2014"]
[Site "Reykjavik, Iceland"]
[Date "2014.03.04"]
[Round "1.113"]
[White "Hackner, Oskar A"]
[Black "Davidsson, Oskar Vikingur"]
[Result "1-0"]
[WhiteElo "2105"]
[BlackElo "1404"]
[EventDate "2014.03.04"]
[PlyCount "69"]

1.d4 Nf6 2.c4 c5 3.d5 b5 4.cxb5 a6 5.f3 axb5 6.e4 d6 7.Bxb5+ Nbd7 8.Ne2 g6
9.a4 Bg7 10.O-O O-O 11.Na3 Nb6 12.Bd2 Bd7 13.Bxd7 Qxd7 14.a5 Nc8 15.Nc4 
Rb8 16.Qc2 e6 17.dxe6 Qxe6 18.Nf4 Qd7 19.Bc3 Ne7 20.Rfd1 d5 21.exd5 Rfd8 
22.Be5 Rb7 23.Qc3 Nexd5 24.Nxd5 Nxd5 25.Rxd5 Qxd5 26.Bxg7 Rb4 27.Ne3 Qc6 
28.Ng4 h5 29.Bh8 Rbd4 30.Bxd4 Rxd4 31.Nf2 Rb4 32.a6 Rb8 33.Ne4 c4 34.Nf6+ 
Kf8 35.Nd7+ 1-0

[Event "N1 Reykjavik Open 2014"]
[Site "Reykjavik, Iceland"]
[Date "2014.03.04"]
[Round "1.115"]
[White "Zhang, Fan"]
[Black "Sigurdarson, Alec Elias"]
[Result "1-0"]
[WhiteElo "2104"]
[BlackElo "1309"]
[EventDate "2014.03.04"]
[PlyCount "55"]

1.d4 Nf6 2.Bg5 Ne4 3.Bf4 d5 4.f3 Nd6 5.Nd2 Nc6 6.c3 Bf5 7.Nh3 Bxh3 8.gxh3 
e6 9.Qb3 Be7 10.O-O-O Rb8 11.e4 dxe4 12.fxe4 O-O 13.Rg1 Re8 14.Bd3 Bf8 15.
Qc2 e5 16.dxe5 Nxe5 17.Bxe5 Rxe5 18.Nf3 Rh5 19.e5 Rxh3 20.Ng5 Rh5 21.exd6 
Qf6 22.dxc7 Rc8 23.Nxh7 Qf4+ 24.Kb1 Bc5 25.Rdf1 Qxc7 26.Nf6+ Kh8 27.Nxh5 
Bxg1 28.Rxg1 1-0

[Event "N1 Reykjavik Open 2014"]
[Site "Reykjavik, Iceland"]
[Date "2014.03.04"]
[Round "1.117"]
[White "Schaefer, Reyk"]
[Black "Kristbergsson, Bjorgvin"]
[Result "1-0"]
[WhiteElo "2102"]
[BlackElo "1175"]
[EventDate "2014.03.04"]
[PlyCount "38"]

1.d4 c6 2.c4 g6 3.Nf3 Bg7 4.Nc3 h6 5.e4 e6 6.d5 Bxc3+ 7.bxc3 cxd5 8.cxd5 
Nf6 9.Qd4 Rh7 10.Be2 b6 11.O-O Bb7 12.c4 d6 13.Ba3 e5 14.Nxe5 Qe7 15.Nf3 
Nxe4 16.Bd3 f5 17.Bxe4 fxe4 18.Rfe1 Qd8 19.Qxe4+ Re7 1-0